| 000 | 00351nam a2200121Ia 4500 | ||
|---|---|---|---|
| 008 | 230524s9999 xx 000 0 und d | ||
| 100 | _a"Eric Jendrock, Ian Evans, Devika Gollapudi, K.Haase, C.Srivathsa" | ||
| 245 | 0 | _a"The Java EE6 Tutorial Basic Concepts," | |
| 260 | _bPearson | ||
| 500 | _aQuantity Number: 30 | ||
| 650 | _aComp-Sc | ||
| 942 | _cBK | ||
| 999 |
_c50260 _d50260 |
||